Возможность использования альтернативных выгорающих поглотителей в ядерных реакторах типа ВВЭР; Физико-технические проблемы в науке, промышленности и медицине

Xehetasun bibliografikoak
Parent link:Физико-технические проблемы в науке, промышленности и медицине.— 2016.— [С. 55]
Egile nagusia: Сливин А. А.
Erakunde egilea: Национальный исследовательский Томский политехнический университет (ТПУ) Физико-технический институт (ФТИ) Кафедра физико-энергетических установок (№ 21) (ФЭУ)
Beste egile batzuk: Аникин М. Н. Михаил Николаевич, Чертков Ю. Б. Юрий Борисович
Gaia:Заглавие с экрана
Hizkuntza:errusiera
Argitaratua: 2016
Saila:Физико-энергетические и электрофизические установки
Gaiak:
Sarrera elektronikoa:http://earchive.tpu.ru/handle/11683/31184
Formatua: Baliabide elektronikoa Liburu kapitulua
KOHA link:https://koha.lib.tpu.ru/cgi-bin/koha/opac-detail.pl?biblionumber=619147

MARC

LEADER 00000naa2a2200000 4500
001 619147
005 20250819093448.0
035 |a (RuTPU)RU\TPU\conf\17551 
035 |a RU\TPU\conf\17547 
090 |a 619147 
100 |a 20160810d2016 k y0rusy50 ca 
101 0 |a rus 
102 |a RU 
105 |a y z 101zy 
135 |a drgn ---uucaa 
181 0 |a i  
182 0 |a b 
200 1 |a Возможность использования альтернативных выгорающих поглотителей в ядерных реакторах типа ВВЭР  |f А. А. Сливин, М. Н. Аникин, Ю. Б. Чертков 
203 |a Текст  |c электронный 
225 1 |a Физико-энергетические и электрофизические установки 
300 |a Заглавие с экрана 
320 |a [Библиогр.: с. 55 (3 назв.)] 
463 0 |0 (RuTPU)RU\TPU\conf\17455  |t Физико-технические проблемы в науке, промышленности и медицине  |o сборник тезисов докладов VIII Международной научно-практической конференции, г. Томск, 1-3 июня 2016 г.  |f Национальный исследовательский Томский политехнический университет (ТПУ) ; под ред. О. Ю. Долматова [и др.]  |v [С. 55]  |d 2016 
610 1 |a труды учёных ТПУ 
610 1 |a электронный ресурс 
610 1 |a выгорающие поглотители 
610 1 |a ядерные реакторы 
610 1 |a ВВЭР 
610 1 |a топливный цикл 
610 1 |a водо-водяные реакторы 
610 1 |a трансурановые элементы 
700 1 |a Сливин  |b А. А. 
701 1 |a Аникин  |b М. Н.  |c специалист в области ядерных технологий  |c начальник службы Томского политехнического университета, кандидат технических наук  |f 1991-  |g Михаил Николаевич  |3 (RuTPU)RU\TPU\pers\32503  |9 16449 
701 1 |a Чертков  |b Ю. Б.  |c физик  |c доцент Томского политехнического университета, кандидат физико-математических наук  |f 1948-  |g Юрий Борисович  |3 (RuTPU)RU\TPU\pers\26469  |9 12172 
712 0 2 |a Национальный исследовательский Томский политехнический университет (ТПУ)  |b Физико-технический институт (ФТИ)  |b Кафедра физико-энергетических установок (№ 21) (ФЭУ)  |3 (RuTPU)RU\TPU\col\18730 
801 2 |a RU  |b 63413507  |c 20160826  |g RCR 
856 4 |u http://earchive.tpu.ru/handle/11683/31184 
942 |c BK